000 01176nam a22003377a 4500
003 CHAP
005 20220329134555.0
008 971013s1991 r 00010 d
010 _a22406
011 _a23378
035 _a27474
040 _cCHAP
082 _a333
_bR3
100 0 0 _aRazo Oliva, Juan Diego.
_994897
245 _aDe Benito Canales a Gervasio Mendoza
_b: presencia del zapatismo en El Baj[io de 1910 a 1929
260 _aMéxico, D.F. :
_bCentro de Estudios Históricos del Agrarismo en México,
_c1991
300 _a160 p.
490 _aPrecursores del agrarismo, 5
590 _aBATCH-UPD
_b10
_c20130110
_lUCH01
_h1938
590 _aBATCH-UPD
_b10
_c20130410
_lUCH01
_h1301
590 _aBATCH-UPD
_b10
_c20130914
_lUCH01
_h1827
590 _aCONVERSION
_b10
_c20130109
_lUCH01
_h1313
650 1 4 _aMéxico
_xHistoria
_xRevolución.
_976768
650 1 4 _aReforma agraria
_xGuanajuato.
_995548
650 1 4 _aReforma agraria
_xHistoria.
_995552
650 1 4 _aTierras
_xTenencia
_xGuanajuato.
_9113167
830 0 _aPrecursores del agrarismo, 5
_991371
901 _aBK
942 _cLIBRO
949 _a333 R3
_bBC
_cLIBRO
_d33724000315925
_eLIBRO
_h87555
_i27474
_si
999 _c22406
_d22406